Balones de oro Adrenalyn XL - Estadísticas

Estadísticas generales
  • Esta prueba ha sido intentada 216 veces
  • La puntuación promedio es 69 de 87
Estadísticas de respuestas
Card Respuesta Equipo Temporada % Correcto
BO Cristiano Ronaldo Real Madrid 09/10
100%
BO Cristiano Ronaldo Real Madrid 10/11
100%
BO Cristiano Ronaldo Real Madrid 11/12
100%
BO Cristiano Ronaldo Real Madrid 12/13
100%
BO Cristiano Ronaldo Real Madrid 13/14
100%
BO Cristiano Ronaldo Real Madrid 14/15
100%
BO Cristiano Ronaldo Real Madrid 15/16
100%
BO Cristiano Ronaldo Real Madrid 16/17
100%
BO Cristiano Ronaldo Real Madrid 17/18
100%
BO MEMORY Cristiano Ronaldo Real Madrid 23/24
100%
BO Messi Barcelona 09/10
100%
BO Messi Barcelona 10/11
100%
BO Messi Barcelona 11/12
100%
BO Messi Barcelona 12/13
100%
BO Messi Barcelona 13/14
100%
BO Messi Barcelona 14/15
100%
BO Messi Barcelona 15/16
100%
BO Messi Barcelona 16/17
100%
BO Messi Barcelona 17/18
100%
BO Messi Barcelona 18/19
100%
BO Messi Barcelona 19/20
100%
BO Messi Barcelona 20/21
100%
BO EXCELLENCE Messi Barcelona 20/21
100%
BO MEMORY Messi Barcelona 23/24
100%
BO Griezmann Atlético 15/16
92%
BO Griezmann Atlético 16/17
92%
BO Griezmann Atlético 17/18
92%
BO Griezmann Atlético 18/19
92%
BO Griezmann Barcelona 19/20
92%
NUEVO BO Griezmann Atlético 22/23
92%
BO Griezmann Atlético 23/24
92%
NUEVO BO Benzema Real Madrid 18/19
91%
BO Benzema Real Madrid 20/21
91%
BO EXCELLENCE Benzema Real Madrid 21/22
91%
BO Benzema Real Madrid 22/23
91%
BO Luis Suárez Barcelona 15/16
88%
BO Luis Suárez Barcelona 20/21
88%
BO Neymar Barcelona 13/14
87%
BO Neymar Barcelona 14/15
87%
BO Neymar Barcelona 16/17
87%
BO Bale Real Madrid 13/14
85%
NUEVO BO Bale Real Madrid 15/16
85%
BO Iniesta Barcelona 11/12
85%
BO Iniesta Barcelona 17/18
85%
NUEVO BO Modric Real Madrid 16/17
84%
BO Modric Real Madrid 18/19
84%
NUEVO BO Modric Real Madrid 20/21
84%
BO EXCELLENCE Modric Real Madrid 22/23
84%
NUEVO BO Sergio Ramos Real Madrid 14/15
83%
BO Sergio Ramos Real Madrid 18/19
83%
BO Sergio Ramos Real Madrid 20/21
83%
BO Vinicius Real Madrid 21/22
83%
BO Vinicius Real Madrid 22/23
83%
BO Vinicius Real Madrid 23/24
83%
NUEVO BO Xavi Barcelona 12/13
82%
BO Joaquín Betis 19/20
71%
BO MEMORY Joaquín Betis 23/24
71%
BO Isco Real Madrid 17/18
69%
NUEVO BO Nico Williams Athletic 23/24
69%
BO Pedri Barcelona 21/22
68%
BO Pedri Barcelona 22/23
68%
BO Pedri Barcelona 23/24
68%
BO Falcao Atlético 12/13
67%
NUEVO BO Oblak Atlético 17/18
66%
BO Oblak Atlético 19/20
66%
BO Oblak Atlético 20/21
66%
BO Oblak Atlético 21/22
66%
BO Oblak Atlético 22/23
66%
BO Lewandowski Barcelona 22/23
65%
BO EXCELLENCE Lewandowski Barcelona 23/24
65%
BO Bellingham Real Madrid 23/24
63%
BO FIRMADO Bellingham Real Madrid 23/24
63%
BO Forlán Atlético 10/11
63%
BO FIRMADO Courtois Real Madrid 21/22
61%
BO Kubo Real Sociedad 23/24
58%
BO LIMITADO Lamine Yamal Barcelona 23/24
58%
BO Oyarzábal Real Sociedad 21/22
57%
NUEVO BO Casillas Real Madrid 11/12
56%
NUEVO BO Ter Stegen Barcelona 19/20
56%
BO James Rodríguez Real Madrid 14/15
42%
NUEVO BO Diego Costa Atlético 13/14
41%
BO FIRMADO Dembelé Barcelona 22/23
39%
BO Coutinho Barcelona 18/19
37%
BO Hazard Real Madrid 19/20
35%
BO FIRMADO De Jong Barcelona 20/21
34%
NUEVO BO Koundé Sevilla 21/22
29%
BO Memphis Barcelona 21/22
22%
No se encontraron pruebas coincidentes
Distribución de puntuación
Porcentaje de gente con cada puntuación
Porcentaje por número respondido
Historial de tus puntuaciones
No has intentado esta prueba.